[Event "ISR-ch (Women)"]
[Site "Jerusalem"]
[Date "1996.??.??"]
[Round "8"]
[White "Chervonenko, Irina"]
[Black "Yudasina, Irina"]
[Result "1/2-1/2"]
[WhiteElo "2145"]
[BlackElo "2205"]

1.c4 e6 2.d4 d5 3.Nf3 c6 4.e3 Nf6 5.Nc3 Nbd7 6.Qc2 dxc4 7.Bxc4 b5 8.Bd3 Bb7
9.O-O Be7 10.e4 b4 11.Na4 h6 12.b3 O-O 13.Bb2 Qa5 14.Rfc1 Rfd8 15.Qe2 Rac8
16.e5 Nd5 17.Qe4 Nf8 18.Nc5 Bxc5 19.Rxc5 Qb6 20.a3 bxa3 21.Rxa3 Nb4 22.Bc4 Nd7
23.Rca5 c5 24.Qg4 a6 25.d5 Nxd5 26.Bxa6 Ra8 27.Rb5 Qc6 28.Bxb7 Qxb5 29.Bxa8 Qe2
30.h4 Qxb2 31.Ra7 Qxb3 32.Bc6 Nf8 33.Rb7 Qd3 34.Qa4 Nb4 35.Be8 Qd1+ 36.Qxd1 Rxd1+
37.Kh2 f6 38.Bf7+ Kh7 39.exf6 Rd7 40.Rxd7 Nxd7 41.fxg7 Kxg7 42.Bxe6 Nb6 43.Nd2 Kf6
44.Bg8 Ke5 45.Kg3  1/2-1/2

[Event "Jyvaskyla op2"]
[Site "Jyvaskyla"]
[Date "1996.??.??"]
[Round "3"]
[White "Yrjola, Jouni"]
[Black "Kokkila, Tero"]
[Result "1-0"]
[WhiteElo "2460"]
[BlackElo "2210"]

1.c4 e6 2.Nc3 d5 3.d4 c6 4.e3 Nf6 5.Nf3 Nbd7 6.Qc2 Bd6 7.Bd3 O-O 8.O-O dxc4
9.Bxc4 b5 10.Bd3 Bb7 11.e4 e5 12.dxe5 Nxe5 13.Nxe5 Bxe5 14.h3 a6 15.Be3 Rc8
16.Rad1 c5 17.Bxb5 Qe7 18.Bc4 Bxc3 19.Qxc3 Qxe4 20.f3 Qc6 21.Qa5 Rfe8 22.Bf4 Nh5
23.Rd6 Qc7 24.Qxc7 Rxc7 25.Bg5 h6 26.Bd8 Rc8 27.Bh4 Rc7 28.Rfd1 Bc8 29.Bd8 Ra7
30.Bb6 Rae7 31.Bxc5 Rc7 32.Rd8 Rxd8 33.Rxd8+ Kh7 34.Bd3+ g6 35.Bd4 Ng7 36.Kf2 Rc6
37.Be4 Rc7 38.Be5 Rc5 39.Bd4 Rc7 40.Bd3 Rc6 41.g4 Be6 42.a3 Rc8 43.Rxc8 Bxc8
44.Ke3 Ne6 45.b4 Nc7 46.Be5 Nd5+ 47.Kd4  1-0

[Event "Jyvaskyla op2"]
[Site "Jyvaskyla"]
[Date "1996.??.??"]
[Round "5"]
[White "Myllyniemi, Martti"]
[Black "Koskinen, Henri"]
[Result "1/2-1/2"]
[WhiteElo "2205"]
[BlackElo "2230"]

1.d4 d5 2.c4 c6 3.Nc3 Nf6 4.Nf3 e6 5.e3 Nbd7 6.Bd3 dxc4 7.Bxc4 b5 8.Bd3 a6
9.O-O c5 10.Re1 Bb7 11.Nd2 Bd6 12.Nde4 Bxh2+ 13.Kxh2 Nxe4 14.Nxe4 Bxe4 15.Bxe4 Qh4+
16.Kg1 Qxe4 17.dxc5 Rc8 18.Qd4 Nxc5 19.Qxg7 Ke7 20.Qg5+ Ke8 21.Qg7 Rf8 22.Bd2 Nd3
23.Red1 Rc2 24.Be1 Qe5 25.Qxe5 Nxe5 26.Ba5 Nc6 27.Bc3 Ke7 28.a3 Rd8 29.Rdc1 Rxc1+
30.Rxc1 Rd5 31.g3 Kd7 32.Kg2 a5 33.Rh1 b4 34.e4 Rc5 35.axb4 axb4 36.Bf6 e5
37.Rxh7 Ke6 38.Rh6 Rc2 39.Bg7+ Kd7 40.Rf6 Ke7 41.Rf5 Rxb2 42.Bxe5 Re2 43.Kf3 Rc2
44.Ba1 Rc1 45.Bb2 Rc2 46.Ba1 Rc1 47.Bb2 Rc2 48.Ba1  1/2-1/2

[Event "Jyvaskyla op2"]
[Site "Jyvaskyla"]
[Date "1996.??.??"]
[Round "7"]
[White "Norri, Joose"]
[Black "Koskinen, Henri"]
[Result "1-0"]
[WhiteElo "2365"]
[BlackElo "2230"]

1.d4 d5 2.c4 c6 3.Nc3 Nf6 4.Nf3 e6 5.e3 Nbd7 6.Bd3 dxc4 7.Bxc4 b5 8.Bd3 a6
9.e4 c5 10.e5 cxd4 11.Ne4 Nd5 12.O-O h6 13.a4 b4 14.Bc4 Nc5 15.Qxd4 Nxe4
16.Qxe4 Be7 17.Qg4 Kf8 18.a5 Qc7 19.Bd2 Bd7 20.Rfc1 Qb7 21.Bb3 g6 22.h4 h5
23.Qd4 Bc6 24.Bg5 Bxg5 25.Nxg5 Kg7 26.Rc5 Ne7 27.Rac1 Rac8 28.Qf4 Nf5 29.Nxf7 Kxf7
30.Qg5 Qe7 31.Rxc6 Rxc6 32.Rxc6 Qxg5 33.hxg5 Nd4 34.Rc7+ Kf8 35.Bc4 h4 36.Bxa6 h3
37.Rc8+ Kg7 38.Rxh8 Kxh8 39.Bc4  1-0

[Event "Jyvaskyla op2"]
[Site "Jyvaskyla"]
[Date "1996.??.??"]
[Round "9"]
[White "Tuominen, Risto"]
[Black "Kokkila, Tero"]
[Result "0-1"]
[WhiteElo "2105"]
[BlackElo "2210"]

1.d4 d5 2.c4 c6 3.Nf3 Nf6 4.Nc3 e6 5.e3 Nbd7 6.Be2 dxc4 7.a4 Bb4 8.Bxc4 O-O
9.O-O Qe7 10.Qb3 c5 11.a5 a6 12.Bd2 b5 13.axb6 Nxb6 14.Na4 Nxc4 15.Bxb4 cxb4
16.Qxc4 Bd7 17.Qc5 Qxc5 18.dxc5 Rac8 19.Rfc1 Rc7 20.Nb6 Bb5 21.Nd4 Rd8 22.Nxb5 axb5
23.c6 Kf8 24.Na8 Rcc8 25.c7 Rd6 26.g3 Nd7 27.Ra7 Ke7 28.Rb7 Ra6 29.Rxb5 Raxa8
30.Rxb4 Ra7 31.Rh4 h6 32.Rg4 g6 33.Rgc4 Nb6 34.Rc6 Na8 35.R1c4 Rcxc7 36.Rxc7+ Nxc7
37.Rb4 Nd5 38.Rb8 Ra6 39.g4 Rb6 40.Rh8 Nf6 41.h3 h5 42.gxh5 Nxh5 43.Ra8 Rxb2
44.Kg2 Kf6 45.Kf3 Kg5 46.Ra5+ f5 47.Kg2 Nf6  0-1

[Event "JUG-ch sf"]
[Site "Kladovo"]
[Date "1996.??.??"]
[Round "?"]
[White "Arsovic, Zoran"]
[Black "Vojinovic, Goran"]
[Result "1-0"]
[WhiteElo "2460"]
[BlackElo "2425"]

1.Nf3 d5 2.c4 c6 3.e3 Nf6 4.Nc3 e6 5.d4 Nbd7 6.Qc2 b6 7.b3 Bb7 8.Bb2 Bd6
9.Be2 O-O 10.O-O Qe7 11.e4 Nxe4 12.Nxe4 dxe4 13.Qxe4 f5 14.Qh4 Qxh4 15.Nxh4 Rad8
16.Rfe1 Bb4 17.Red1 Be7 18.Nf3 Bf6 19.Rd2 c5 20.Rad1 Bxf3 21.Bxf3 Nb8 22.dxc5 Rxd2
23.Rxd2 bxc5 24.Bxf6 gxf6 25.a3 Rc8 26.Bb7 Re8 27.b4 Kf7 28.bxc5 Re7 29.c6 Rc7
30.Rd6 f4 31.Kf1 e5 32.Ke2 e4 33.g3 fxg3 34.hxg3 Kg6 35.Ke3 Kf5 36.Rd7 Nxd7
37.cxd7  1-0

[Event "JUG-ch sf"]
[Site "Kladovo"]
[Date "1996.??.??"]
[Round "?"]
[White "Antic, Dejan"]
[Black "Scekic, Milos"]
[Result "1-0"]
[WhiteElo "2445"]
[BlackElo "2310"]

1.d4 d5 2.c4 c6 3.Nf3 Nf6 4.Nc3 e6 5.e3 Nbd7 6.Bd3 dxc4 7.Bxc4 b5 8.Bb3 a6
9.O-O c5 10.Re1 Bb7 11.e4 cxd4 12.Nxd4 Nc5 13.Bg5 Be7 14.e5 Nxb3 15.exf6 Qxd4
16.fxe7 h6 17.Be3 Qxd1 18.Raxd1 Na5 19.Bc5 Rc8 20.Rd8+  1-0

[Event "JUG-ch sf"]
[Site "Kladovo"]
[Date "1996.??.??"]
[Round "?"]
[White "Blagojevic, Dragisa"]
[Black "Karaklajic, Nikola"]
[Result "1-0"]
[WhiteElo "2450"]
[BlackElo "2400"]

1.d4 d5 2.c4 e6 3.Nf3 Nf6 4.Nc3 c6 5.e3 Nbd7 6.Bd3 a6 7.b3 Bd6 8.O-O O-O
9.Bb2 Qe7 10.Qc2 Ba3 11.Bxa3 Qxa3 12.c5 Qa5 13.Ne5 g6 14.f4 Qd8 15.Rf3 Ne8
16.Raf1 f5 17.g4 Ng7 18.Qg2 Qe7 19.Rh3 Nxe5 20.fxe5 Bd7 21.g5 Rf7 22.Ne2 Nh5
23.Kh1 Rg7 24.Rg1 a5 25.Nc3 Rf8 26.Rf1 Be8 27.Be2 Qd8 28.Bd1 b6 29.Na4 b5
30.Nb2 f4 31.Nd3 fxe3 32.Rxf8+ Kxf8 33.Rxe3 Rf7 34.Bxh5 gxh5 35.Rf3 Qe7 36.Rf6 Kg8
37.Nf4 Rg7 38.Rxe6 Qd8 39.Rf6 Bg6 40.Nxg6 hxg6 41.Qh3 b4 42.Qe6+ Kh7 43.h4 a4
44.Rf7 Qa5 45.Qf6 Rxf7 46.Qxf7+ Kh8 47.e6  1-0

[Event "JUG-ch sf"]
[Site "Kladovo"]
[Date "1996.??.??"]
[Round "?"]
[White "Stojanovic, Mihajlo"]
[Black "Blagojevic, Dragisa"]
[Result "1/2-1/2"]
[WhiteElo "2435"]
[BlackElo "2450"]

1.d4 d5 2.c4 c6 3.Nc3 Nf6 4.e3 e6 5.Nf3 Nbd7 6.Bd3 dxc4 7.Bxc4 b5 8.Bd3 a6
9.e4 c5 10.d5 c4 11.dxe6 fxe6 12.Bc2 Qc7 13.O-O Bc5 14.e5 Nxe5 15.Bf4 Bd6
16.Ng5 Nd3 17.Bxd6 Qxd6 18.Bxd3 cxd3 19.Qf3 Ra7 20.Rad1 Rd7 21.Nxe6 d2 22.Qa8 Ke7
23.Ng5 Rhd8 24.Qf3 Qe5 25.Qe3 Qxe3 26.fxe3 Rd3 27.h3 Rxe3 28.Nf3 Be6 29.a3 Red3
30.Rf2 Rxc3 31.bxc3 Ne4 32.Nd4 Nxf2 33.Kxf2 Rc8 34.Rxd2 Bd7 35.Rc2 Kd6 36.Ke3 Kd5
37.Kd3 Re8 38.Rf2 Re7 39.Nf5 Bxf5+ 40.Rxf5+ Kd6 41.a4 Re5 42.Rxe5 Kxe5 43.axb5 axb5
44.Ke3 g5 45.g3 h5 46.Kf3 Kd5 47.Ke3 g4 48.hxg4 hxg4 49.Kd3 Kc5  1/2-1/2

[Event "JUG-ch sf"]
[Site "Kladovo"]
[Date "1996.??.??"]
[Round "?"]
[White "Nikolic, Stanimir"]
[Black "Todorovic, Goran M"]
[Result "0-1"]
[WhiteElo "2345"]
[BlackElo "2470"]

1.Nf3 d5 2.d4 e6 3.c4 Nf6 4.Nc3 c6 5.e3 Nbd7 6.cxd5 exd5 7.Bd3 Bd6 8.O-O O-O
9.Qc2 Re8 10.h3 a6 11.b3 c5 12.Bb2 b5 13.dxc5 Nxc5 14.Rfd1 Bb7 15.Bf1 Rc8
16.Qf5 Qe7 17.Rac1 h6 18.Nd4 g6 19.Qf3 Nfe4 20.Qe2 Be5 21.Ba3 Qf6 22.Bb2 Nxf2
23.Qxf2 Bh2+ 24.Kxh2 Qxf2 25.Nde2 Ne6 26.Rb1 Ng5 27.Ng1 Rxe3 28.Nxd5 Bxd5
29.Rxd5 Qg3+ 30.Kh1 Ne4 31.Ne2 Nf2+ 32.Kg1 Nxh3+ 33.Kh1 Rxe2 34.Bxe2 Nf4
35.Bf3 Nxd5 36.Bxd5 Qd3  0-1

[Event "Koszalin op"]
[Site "Koszalin"]
[Date "1996.??.??"]
[Round "4"]
[White "Sherbakov, Ruslan"]
[Black "Kula, Robert"]
[Result "1-0"]
[WhiteElo "2565"]
[BlackElo "2400"]

1.d4 d5 2.c4 e6 3.Nf3 Nf6 4.Nc3 c6 5.e3 Nbd7 6.Bd3 dxc4 7.Bxc4 b5 8.Bd3 Bb7
9.O-O a6 10.e4 c5 11.d5 c4 12.Bc2 Qb6 13.b3 Rc8 14.Bd2 e5 15.Ne2 cxb3 16.axb3 Bc5
17.Ng3 Ng4 18.Be1 g6 19.b4 Bd6 20.Bb3 Ngf6 21.Bd2 h6 22.Nh4 Ng8 23.Rc1 Qd8
24.Rxc8 Bxc8 25.Qc2 Bb7 26.Nf3 Qe7 27.Ne1 Bxb4 28.Bxb4 Qxb4 29.Qc7 Qxb3 30.Qxb7 Qa3
31.Qa8+ Ke7 32.Nc2 Qd6 33.Ne3 Qb8 34.Qxa6 Ngf6 35.Rc1 Rd8 36.Rc6 Ne8 37.h4 b4
38.h5 Qa8 39.Qc4 Rb8 40.hxg6 fxg6 41.Rxg6 b3 42.d6+ Kd8 43.Rg8 Qb7 44.Qe6 Nf6
45.Qxf6+ Kd7 46.Qf7+ Kc6 47.d7  1-0

[Event "Koszalin op"]
[Site "Koszalin"]
[Date "1996.??.??"]
[Round "4"]
[White "Stern, Rene"]
[Black "Ribli, Zoltan"]
[Result "1/2-1/2"]
[WhiteElo "2445"]
[BlackElo "2590"]

1.d4 d5 2.c4 c6 3.Nf3 Nf6 4.Nc3 e6 5.e3 Nbd7 6.Qc2 Bd6 7.Be2 O-O 8.O-O Re8
9.Rd1 Qe7 10.h3 h6 11.a3 dxc4 12.Bxc4 e5 13.Nh4 Nf8 14.dxe5 Bxe5 15.Nf3 Bxc3
16.Qxc3 Ne4 17.Qc2 Bf5 18.b3 Ne6  1/2-1/2

[Event "Krasnodar op"]
[Site "Krasnodar"]
[Date "1996.??.??"]
[Round "4"]
[White "Volkov, Sergey"]
[Black "Alavkin, Arseny"]
[Result "1/2-1/2"]
[WhiteElo "2460"]
[BlackElo "2290"]

1.d4 d5 2.c4 c6 3.Nc3 Nf6 4.e3 e6 5.Nf3 Nbd7 6.Qc2 b6 7.Be2 Bb7 8.O-O Bd6
9.e4 dxe4 10.Nxe4 Nxe4 11.Qxe4 h6 12.Rd1 Nf6 13.Qh4 Qe7 14.Be3 O-O-O 15.Bf4 g5
16.Bxd6 Qxd6 17.Qg3 Qxg3 18.hxg3 Nd7 19.Ne5 Rhf8 20.Ng4 f5 21.Ne3 c5 22.d5 exd5
23.Nxd5 Ne5 24.a4 Bxd5 25.cxd5 a5 26.d6 Rf6 27.Rd5 Nc6 28.Rad1 Nd4 29.Ba6+ Kb8  1/2-1/2

[Event "La Coruna op"]
[Site "La Coruna"]
[Date "1996.??.??"]
[Round "?"]
[White "Nedobora, Mikhail"]
[Black "Guerra Bastida, Diego"]
[Result "1/2-1/2"]
[WhiteElo "2465"]
[BlackElo "2300"]

1.d4 d5 2.c4 c6 3.Nc3 Nf6 4.e3 e6 5.Nf3 Nbd7 6.Bd3 Bd6 7.O-O O-O 8.e4 dxc4
9.Bxc4 e5 10.Be3 Ng4 11.Bg5 Be7 12.Bxe7 Qxe7 13.d5 Nb6 14.Bb3 Nf6 15.dxc6 bxc6
16.Qc2 c5 17.Bd5  1/2-1/2

[Event "La Coruna op"]
[Site "La Coruna"]
[Date "1996.??.??"]
[Round "?"]
[White "Bernal Moro, Luis Javier"]
[Black "Rivas Vila, Manuel"]
[Result "1/2-1/2"]
[WhiteElo "2455"]
[BlackElo "2205"]

1.d4 d5 2.c4 e6 3.Nc3 c6 4.e3 Nf6 5.Nf3 Nbd7 6.Bd3 Bd6 7.e4 dxc4 8.Bxc4 b5
9.Bd3 e5 10.O-O O-O 11.h3 Bb7 12.Bc2 a6 13.Be3 Re8 14.a3 c5 15.dxe5 Nxe5
16.Nxe5 Bxe5 17.Bxc5 Bxc3 18.bxc3 Nxe4 19.Bd4 Qg5 20.Qg4 Qxg4 21.hxg4 Bd5
22.Rad1 Bc4 23.Rfe1 Ng5 24.Rxe8+ Rxe8 25.Be3 h6 26.a4 Ne4 27.Bd4 Nd6 28.Bc5 Ne4
29.Re1 Nf6 30.Rxe8+ Nxe8 31.a5 Nf6 32.f3 Nd5 33.Bb4 g6 34.Kf2 Kg7 35.g3 Kf6
36.f4 Ke6 37.Kf3 Nxb4 38.cxb4 Kd5 39.Ke3 Bf1 40.Bb3+ Bc4 41.Bc2 Bf1 42.Bb3+  1/2-1/2

[Event "Laguna olm blind"]
[Site "Laguna"]
[Date "1996.??.??"]
[Round "3"]
[White "Cabarkapa, Milenko"]
[Black "Cajzler, Hinko"]
[Result "1/2-1/2"]
[WhiteElo "2270"]
[BlackElo "2205"]

1.d4 Nf6 2.Nf3 e6 3.c4 d5 4.Nc3 c6 5.e3 Nbd7 6.Bd3 dxc4 7.Bxc4 b5 8.Bd3 a6
9.e4 b4 10.Na4 c5 11.dxc5 Nxc5 12.Nxc5 Bxc5 13.O-O Bb7 14.Bg5 h6 15.Bxf6 gxf6
16.Rc1 Rc8 17.Qe2 Qb6 18.Nd2 a5 19.Nc4 Qa7 20.Rc2 Ke7 21.Rd1 Rhg8 22.Kf1 Rcd8
23.Rcd2 Bd6 24.Qh5 f5 25.g3 fxe4 26.Bxe4 Ba6 27.b3 Bxc4+ 28.bxc4  1/2-1/2

[Event "CUB-ch"]
[Site "Las Tunas"]
[Date "1996.??.??"]
[Round "5"]
[White "Arencibia, Walter"]
[Black "Leyva, Hector"]
[Result "1/2-1/2"]
[WhiteElo "2555"]
[BlackElo "2410"]

1.d4 d5 2.c4 c6 3.Nc3 Nf6 4.e3 e6 5.Nf3 Nbd7 6.Qc2 Bd6 7.Bd2 O-O 8.h3 Re8
9.g4 e5 10.dxe5 Nxe5 11.Nxe5 Bxe5 12.O-O-O Qe7 13.Kb1 Be6 14.g5 Bxc3 15.Bxc3 Ne4
16.Rg1 Bf5 17.Ka1 Nxc3 18.Qxc3 dxc4 19.Bxc4 Rad8 20.h4  1/2-1/2

[Event "Le Touquet op"]
[Site "Le Touquet"]
[Date "1996.??.??"]
[Round "?"]
[White "Foisor, Cristina Adela B"]
[Black "Legky, Nikolay A"]
[Result "1/2-1/2"]
[WhiteElo "2370"]
[BlackElo "2510"]

1.c4 c6 2.Nf3 d5 3.e3 Nf6 4.Nc3 e6 5.d4 Be7 6.Qc2 O-O 7.Be2 dxc4 8.Bxc4 c5
9.dxc5 Bxc5 10.O-O Nc6 11.a3 Bd6 12.Rd1 a6 13.b4 Qc7 14.Bb2 Ne5 15.Bd3 Nxd3
16.Qxd3 Rd8 17.Qe2 Bd7 18.e4 Bc6 19.b5 axb5 20.Nxb5 Bxb5 21.Qxb5 Nxe4 22.Qe2 Nc3
23.Bxc3 Qxc3 24.a4 Bc5 25.Rdb1 Rd5 26.Ra2 Rad8 27.h3 b6 28.Rc2 Qf6 29.Rf1 h6
30.Rc4 Qf5 31.Re4 Rd3 32.a5 Qd5 33.axb6 Bxb6 34.Ra4 Rd1 35.Rb4 Bc7 36.Rb1 Rd3
37.Rb4 Qd6 38.g3 Bb8 39.Kg2 Qd5 40.Re1 Ba7 41.Rb2 Rc8 42.Qe4 Qxe4 43.Rxe4 Rdc3
44.Rb7 R8c7 45.Rxc7 Rxc7 46.Re2 Kf8 47.Ra2 Ke7 48.h4 Rb7 49.Ne5 Bc5 50.Rd2 Bd6
51.Nc6+ Kd7 52.Ne5+  1/2-1/2

[Event "Leiner op"]
[Site "Leiner"]
[Date "1996.??.??"]
[Round "6"]
[White "Farago, Ivan"]
[Black "Baumegger, Siegfried"]
[Result "1-0"]
[WhiteElo "2525"]
[BlackElo "2265"]

1.d4 d5 2.c4 c6 3.Nc3 Nf6 4.Nf3 e6 5.e3 Nbd7 6.Qc2 Bd6 7.Be2 O-O 8.O-O e5
9.cxd5 cxd5 10.dxe5 Nxe5 11.Rd1 Qc7 12.Nd4 a6 13.Bd2 Nc6 14.Nf3 Rd8 15.Be1 Be6
16.Rac1 Rac8 17.h3 Qe7 18.Qa4 Bb8 19.Bf1 Bf5 20.Ne2 Ne4 21.Ned4 Nxd4 22.Qxd4 Be6
23.Ba5 Re8 24.Bb4 Qd7 25.Bd3 Rxc1 26.Rxc1 Nf6 27.Bc3 h6 28.Bf1 Rc8 29.Rd1 Bf5
30.Bd3 Be6 31.Qh4 Ne8 32.Bc2 Qd8 33.Qb4 Qc7 34.Bb3 Rd8 35.Bd4 b5 36.Bc3 Qb7
37.Qh4 Qc7 38.e4 d4 39.Bxe6 fxe6 40.e5 Rd5 41.Rxd4 Qd7 42.Rxd5 exd5 43.Qd4 Qc6
44.Bb4 Nc7 45.Bd6 a5 46.Qf4  1-0

[Event "Leiner op"]
[Site "Leiner"]
[Date "1996.??.??"]
[Round "6"]
[White "Kranz, Armin"]
[Black "Frosch, Erich"]
[Result "1/2-1/2"]
[WhiteElo "2125"]
[BlackElo "2275"]

1.d4 d5 2.c4 c6 3.Nf3 Nf6 4.e3 e6 5.Nc3 Be7 6.Qc2 O-O 7.b3 Nbd7 8.Bd3 h6
9.O-O b6 10.Bb2 Bb7 11.Ne2 Rc8 12.Ng3 c5 13.Rfd1 cxd4 14.exd4 dxc4 15.bxc4 Qc7
16.Qe2 Rfe8 17.a4 Bb4 18.Ne5 Red8 19.f4 a5 20.Rf1 Nb8 21.f5 Nc6 22.fxe6 fxe6
23.Nxc6 Qxc6 24.Rxf6 gxf6 25.Qg4+ Kf8 26.Nh5 Qxg2+ 27.Qxg2 Bxg2 28.Kxg2 Ke7
29.Nf4 Bd2 30.Kf3 Rg8 31.d5 e5 32.Ne6 Bb4 33.Bh7 Rh8 34.Bd3 Rhg8 35.Bh7  1/2-1/2

[Event "Leiner op"]
[Site "Leiner"]
[Date "1996.??.??"]
[Round "8"]
[White "Stuhlik, Marko"]
[Black "Serdt, Simon"]
[Result "0-1"]
[WhiteElo "2225"]
[BlackElo "2260"]

1.Nf3 Nf6 2.c4 c6 3.Nc3 d5 4.e3 e6 5.d4 Nbd7 6.Bd3 Bd6 7.O-O O-O 8.b3 b6
9.Bb2 Bb7 10.Qe2 Re8 11.Rfd1 Qe7 12.e4 dxc4 13.Bxc4 b5 14.e5 bxc4 15.bxc4 Bc7
16.exf6 Nxf6 17.Ne5 Nd7 18.Rd3 Nxe5 19.dxe5 c5 20.Qh5 g6 21.Qe2 Red8 22.Rg3 Rd4
23.Bc1 Qd7 24.Bg5 f5 25.Rd1 Rxd1+ 26.Qxd1 Qxd1+ 27.Nxd1 Ba6 28.Bf6 Bxc4 29.Rc3 Bxa2
30.Rxc5 Bb6 31.Rc2 Bb3 32.Rd2 Rc8 33.Kf1 Rc1 34.Ke2 Rxd1  0-1

[Event "Anibal op 3rd"]
[Site "Linares"]
[Date "1996.??.??"]
[Round "?"]
[White "Cifuentes Parada, Roberto"]
[Black "Kadimova, Ilaha"]
[Result "1-0"]
[WhiteElo "2490"]
[BlackElo "2325"]

1.c4 c6 2.Nf3 d5 3.e3 Nf6 4.Nc3 e6 5.d4 Nbd7 6.Qc2 Bd6 7.Be2 O-O 8.O-O Re8
9.Rd1 Qe7 10.a3 b6 11.e4 dxe4 12.Nxe4 Nxe4 13.Qxe4 Bb7 14.Bg5 Nf6 15.Qh4 h6
16.Bf4 Bxf4 17.Qxf4 c5 18.Ne5 Rac8 19.dxc5 Rxc5 20.b4 Rcc8 21.Rd4 Red8 22.Rad1 Rxd4
23.Qxd4 Kf8 24.f3 Ke8 25.Rd2 Qc7 26.Bd1 Ke7 27.Ba4 Ra8 28.Qf4 Rc8 29.h4 Qb8
30.g4 Bxf3 31.g5 hxg5 32.hxg5 b5 33.gxf6+ gxf6 34.Rd7+ Ke8 35.Qxf6  1-0

[Event "SWE-chB1"]
[Site "Linkoping"]
[Date "1996.??.??"]
[Round "?"]
[White "Barkhagen, Jonas"]
[Black "Wikstrom, Per"]
[Result "1/2-1/2"]
[WhiteElo "2405"]
[BlackElo "2130"]

1.d4 d5 2.c4 c6 3.Nf3 e6 4.e3 Nf6 5.Nc3 Nbd7 6.Bd3 Bd6 7.O-O O-O 8.e4 dxe4
9.Bxe4 h6 10.Bc2 e5 11.Re1 exd4 12.Qxd4 Bc5 13.Qh4 Re8 14.Bd2 Ne5 15.Red1 Nxf3+
16.gxf3 Qe7 17.Re1 Be6 18.Re2 Nh7 19.Qh5 Nf6 20.Qh4 Nh7 21.Qh5 Nf6 22.Qh4  1/2-1/2

[Event "Lippstadt"]
[Site "Lippstadt"]
[Date "1996.??.??"]
[Round "8"]
[White "Kallai, Gabor"]
[Black "Luther, Thomas"]
[Result "0-1"]
[WhiteElo "2500"]
[BlackElo "2495"]

1.d4 e6 2.c4 Nf6 3.Nf3 d5 4.Nc3 c6 5.e3 Nbd7 6.Qc2 Bd6 7.Be2 O-O 8.O-O Re8
9.h3 b6 10.e4 Nxe4 11.Nxe4 dxe4 12.Qxe4 Qc7 13.Bd3 f5 14.Qh4 c5 15.d5 Ne5
16.Be2 exd5 17.cxd5 Nxf3+ 18.Bxf3 Ba6 19.Rd1 Be2 20.Bxe2 Rxe2 21.Bd2 Rae8
22.a4 Qe7 23.Qxe7 R8xe7 24.a5 b5 25.a6 c4 26.Kf1 Bc5 27.Be3 Bxe3 28.Kxe2 Bc1+
29.Kf3 Bxb2 30.Ra5 c3 31.Rxb5 c2 32.Rf1 c1=Q 33.Rxc1 Bxc1 34.Rb7 Ba3  0-1

[Event "Ljubljana op"]
[Site "Ljubljana"]
[Date "1996.??.??"]
[Round "2"]
[White "Takac, Zvonko"]
[Black "Savchenko, Stanislav"]
[Result "1/2-1/2"]
[WhiteElo "2220"]
[BlackElo "2585"]

1.d4 d5 2.Nf3 Nf6 3.c4 c6 4.Nc3 e6 5.e3 Nbd7 6.Qc2 Bd6 7.Bd3 O-O 8.O-O dxc4
9.Bxc4 b5 10.Be2 Bb7 11.e4 e5 12.dxe5 Nxe5 13.Bg5 h6 14.Bh4 Ng6 15.Rad1 Qe7
16.Bxf6 Qxf6 17.e5 Bxe5 18.Ne4 Qe7 19.Nxe5 Nxe5 20.f4 Nc4 21.Bxc4 bxc4 22.Rfe1  1/2-1/2

[Event "Ljubljana op"]
[Site "Ljubljana"]
[Date "1996.??.??"]
[Round "4"]
[White "Skok, Boris"]
[Black "Burmakin, Vladimir"]
[Result "0-1"]
[WhiteElo "2155"]
[BlackElo "2535"]

1.d4 d5 2.c4 e6 3.Nc3 c6 4.e3 Nf6 5.Nf3 Nbd7 6.Bd3 dxc4 7.Bxc4 b5 8.Bd3 b4
9.Na4 Qa5 10.O-O Nb6 11.Nxb6 axb6 12.Ne5 Bb7 13.e4 Rd8 14.Nc4 Qa7 15.e5 Nd5
16.Bg5 Rd7 17.Qh5 b5 18.Nd6+ Bxd6 19.exd6 Qxd4 20.Rfd1 Qxb2 21.Be7 Nxe7 22.dxe7 Qf6
23.Be4 g6 24.Qh6 Kxe7 25.Rxd7+ Kxd7 26.Rc1 Rd8 27.h3 Kc7 28.Qe3 Rd4 29.Qg3+ e5
30.f3 Qf4 31.Qe1 Qd2 32.Qf1 f5 33.Bb1 Qe3+ 34.Kh1 Rd2 35.Qe1 Qxe1+ 36.Rxe1 Kd6  0-1

[Event "Ljubljana op"]
[Site "Ljubljana"]
[Date "1996.??.??"]
[Round "4"]
[White "Ciglic, Boris"]
[Black "Kavcic, Uros"]
[Result "1/2-1/2"]
[WhiteElo "2195"]
[BlackElo "2010"]

1.Nf3 d5 2.c4 c6 3.e3 Nf6 4.Nc3 e6 5.d4 Bd6 6.Bd3 Nbd7 7.O-O O-O 8.Bd2 dxc4
9.Bxc4 e5 10.dxe5 Nxe5 11.Be2 Qc7 12.h3 Be6 13.Qc2 Rfd8 14.Rfd1 Rd7 15.Ng5 Bc4
16.Bxc4 Nxc4 17.Nce4 Nxd2 18.Rxd2 Nxe4 19.Nxe4 Rad8 20.Nxd6 Rxd6 21.Rad1  1/2-1/2

[Event "Ljubljana op"]
[Site "Ljubljana"]
[Date "1996.??.??"]
[Round "5"]
[White "Jelen, Igor"]
[Black "Zorman, Vojko"]
[Result "1/2-1/2"]
[WhiteElo "2400"]
[BlackElo "2335"]

1.d4 d5 2.c4 c6 3.Nc3 Nf6 4.e3 e6 5.Nf3 Ne4 6.Bd3 f5 7.O-O Nd7 8.Ne2 Bd6
9.Ne1 O-O 10.f3 Nef6 11.Nc3 Bc7 12.g3 dxc4 13.Bxc4 Nb6 14.Bb3 Kh8 15.f4 Nbd5  1/2-1/2

[Event "Ljubljana op"]
[Site "Ljubljana"]
[Date "1996.??.??"]
[Round "9"]
[White "Bukic, Enver"]
[Black "Skok, Boris"]
[Result "1-0"]
[WhiteElo "2435"]
[BlackElo "2155"]

1.d4 d5 2.c4 c6 3.Nc3 Nf6 4.e3 e6 5.Nf3 Nbd7 6.Qc2 Bd6 7.Be2 O-O 8.O-O Re8
9.Rd1 Qc7 10.h3 Bf8 11.e4 Nxe4 12.Nxe4 dxe4 13.Qxe4 f5 14.Qh4 h6 15.Bf4 Qb6
16.Qh5 Qd8 17.Qg6 Kh8 18.Ne5 Nxe5 19.Bxe5 Kg8 20.Bh5 Bd7 21.Qg3 Qe7 22.Bxe8 Bxe8
23.c5 Qd7 24.Qb3 Be7 25.Rd3 Bg6 26.Rg3 Kh7 27.Rxg6 Kxg6 28.Qg3+ Kf7 29.Qxg7+ Ke8
30.Qxh6 Qd5 31.Qg7 Kd7 32.h4 Qe4 33.h5 f4 34.h6 f3 35.h7  1-0

[Event "Ljubljana op"]
[Site "Ljubljana"]
[Date "1996.??.??"]
[Round "9"]
[White "Tratar, Marko"]
[Black "Stojnic, Miodrag"]
[Result "1-0"]
[WhiteElo "2405"]
[BlackElo "2090"]

1.Nf3 d5 2.d4 Nf6 3.c4 c6 4.Nc3 e6 5.e3 Nbd7 6.Qc2 Bd6 7.Bd2 O-O 8.Bd3 Qe7
9.O-O dxc4 10.Bxc4 e5 11.h3 h6 12.Nh4 Nb6 13.Ng6 Qd8 14.Bb3 Re8 15.dxe5 Bxe5
16.Nxe5 Rxe5 17.e4 Rh5 18.Bf4 Bd7 19.Rad1 Qe7 20.Qe2 Ra5 21.Bd6 Qd8 22.f4 Nh5
23.Qf2 Nc8 24.Bb4 Ra6 25.e5 Qe8 26.g4 c5 27.Bxc5 Rg6 28.f5  1-0

[Event "Women-Veterans"]
[Site "London"]
[Date "1996.??.??"]
[Round "3"]
[White "Portisch, Lajos"]
[Black "Ioseliani, Nana"]
[Result "1/2-1/2"]
[WhiteElo "2600"]
[BlackElo "2500"]

1.d4 d5 2.c4 c6 3.e3 Nf6 4.Nc3 e6 5.Nf3 Nbd7 6.Qc2 Bd6 7.b3 O-O 8.Be2 b6
9.O-O Bb7 10.Bb2 Qe7 11.e4 Nxe4 12.Nxe4 dxe4 13.Qxe4 Nf6 14.Qe3 c5 15.Ne5 Rad8
16.Bf3 Qc7 17.Bxb7 Qxb7 18.Rfd1 cxd4 19.Bxd4 Ne4 20.Nd3 Be7 21.Bb2 Nd6 22.Ne5 Nf5
23.Qf3 Qxf3 24.Nxf3 Rxd1+ 25.Rxd1 Rd8 26.Rxd8+ Bxd8 27.Kf1 f6 28.g4 Ne7 29.Nd4 Kf7
30.Ke2 e5 31.Nb5 Nc6 32.Nc3 Be7 33.Nd5 Bd6 34.Bc3  1/2-1/2

[Event "Loures2"]
[Site "Loures"]
[Date "1996.??.??"]
[Round "4"]
[White "Paramos Dominguez, Roberto"]
[Black "Ferreira, Nelson"]
[Result "1-0"]
[WhiteElo "2410"]
[BlackElo "2200"]

1.d4 d5 2.c4 c6 3.Nc3 Nf6 4.e3 e6 5.Nf3 Nbd7 6.Bd3 Bd6 7.O-O O-O 8.e4 dxe4
9.Nxe4 Nxe4 10.Bxe4 Nf6 11.Bc2 b6 12.Bg5 h6 13.Bh4 g5 14.Bg3 Bxg3 15.fxg3 Ng4
16.Qe2 f5 17.Rad1 Qd6 18.h3 Nf6 19.Ne5 Bb7 20.g4 f4 21.g3 fxg3 22.h4 gxh4
23.Qe3 h3 24.Qxg3 Qc7 25.Qxh3 Qg7 26.g5 Qxg5+ 27.Kh2 Kh8 28.Ng6+ Kg7 29.Rg1 Ng4+
30.Rxg4 Rf2+  1-0

[Event "RL-chB"]
[Site "Ludwigshafen"]
[Date "1996.??.??"]
[Round "?"]
[White "Baumann, W."]
[Black "Rondio, T."]
[Result "1/2-1/2"]
[WhiteElo "1805"]
[BlackElo "1665"]

1.d4 d5 2.c4 c6 3.Nc3 Nf6 4.Nf3 e6 5.e3 Nbd7 6.Bd3 dxc4 7.Bxc4 b5 8.Bd3 Bd6
9.O-O O-O 10.Re1 a6 11.e4 e5 12.Bg5 h6 13.Bh4 exd4 14.Nxd4 Ne5 15.Bc2 g5
16.Bg3 c5 17.Nf5 Bxf5 18.exf5 Nc4 19.Bxd6 Qxd6 20.Qxd6 Nxd6 21.Rad1 Rfe8
22.Rxe8+ Rxe8  1/2-1/2

[Event "Ludwigshafen-ch 10th"]
[Site "Ludwigshafen"]
[Date "1996.??.??"]
[Round "3"]
[White "Osieka, Udo"]
[Black "Schmidt, Horst"]
[Result "1/2-1/2"]
[WhiteElo "2305"]
[BlackElo "2110"]

1.Nf3 Nf6 2.c4 e6 3.Nc3 d5 4.d4 c6 5.e3 Nbd7 6.Qc2 g6 7.Be2 Bg7 8.O-O O-O
9.Rd1 Qc7 10.b3 Re8 11.Ba3 Qb8 12.e4 dxe4 13.Ng5 c5 14.Ngxe4 b6 15.Rac1 Nxe4
16.Nxe4 f5  1/2-1/2

[Event "DEN-chJ"]
[Site "Lyngby"]
[Date "1996.??.??"]
[Round "2"]
[White "Bekker Jensen, David"]
[Black "De Wachter, Matthias"]
[Result "1/2-1/2"]
[WhiteElo "2190"]
[BlackElo "2170"]

1.d4 d5 2.c4 c6 3.e3 Nf6 4.Nc3 e6 5.Nf3 Nbd7 6.Qc2 Bd6 7.b3 O-O 8.Be2 Qe7
9.O-O b6 10.e4 dxe4 11.Nxe4 Nxe4 12.Qxe4 Bb7 13.Bf4 f5 14.Qe3 Rae8 15.Bxd6 Qxd6
16.Rad1 Qc7 17.Ne5 Nxe5 18.dxe5 c5 19.Rd6 f4 20.Qh3 f3 21.Bd3 g6 22.Rd1 Qf7
23.g3 Qg7 24.Qh4 Bc8 25.Qg5 Bb7 26.Bc2 Rf7 27.a4 Rc7 28.Rd8 Re7 29.R8d6 Rc7
30.h4 Qf7 31.Qd2 Ree7 32.Rd8+ Re8 33.Rxe8+ Qxe8 34.Qd8 Qxd8 35.Rxd8+ Kf7
36.g4 Bc6 37.Kh2 Rd7 38.Rxd7+ Bxd7 39.Kg3 Bc6 40.Kf4 a5 41.Be4 Be8 42.Bxf3 Kg7
43.Be4 Kh6 44.Kg3 Kg7 45.f4 Bd7 46.f5 gxf5 47.gxf5 exf5 48.Bd5 Kf8 49.e6 Be8
50.Kf4 Ke7 51.Kg5 Bg6 52.Bb7 f4 53.Kxf4  1/2-1/2